000 00379nam a2200145Ia 4500
008 230917s9999||||xx |||||||||||||| ||und||
040 _e87757
_aMAIN
041 _aEnglish
082 _a006.7 J35M
100 _aJeffcoate, Judith
245 0 _aMultimedia in practice: technology and applications
260 _aNew Delhi
_bP H I
_c2003
300 _axviii, 238 p.
942 _cBK
999 _c115759
_d115759